The Chair's Summing Up Independent Evaluation Office : IMF advice on Capital Flows Executive Board Meeting 20/93 September 18, 2020.

Executive Directors welcomed the report of the Independent Evaluation Office (IEO) on IMF Advice on Capital Flows. Directors appreciated the high quality of the report, and its thematic and background country studies. Directors welcomed the finding that the adoption of the Institutional View (IV), a...

Mô tả đầy đủ

Chi tiết về thư mục
Tác giả của công ty: International Monetary Fund
Định dạng: Tạp chí
Ngôn ngữ:English
Được phát hành: Washington, D.C. : International Monetary Fund, 2020.
Loạt:Policy Papers; Policy Paper ; No. 2020/041
Những chủ đề:
Truy cập trực tuyến:Full text available on IMF
LEADER 02703cas a2200301 a 4500
001 AALejournalIMF021287
008 230101c9999 xx r poo 0 0eng d
020 |c 5.00 USD 
020 |z 9781513558073 
022 |a 2663-3493 
040 |a BD-DhAAL  |c BD-DhAAL 
110 2 |a International Monetary Fund. 
245 1 4 |a The Chair's Summing Up Independent Evaluation Office :   |b IMF advice on Capital Flows Executive Board Meeting 20/93 September 18, 2020. 
264 1 |a Washington, D.C. :  |b International Monetary Fund,  |c 2020. 
300 |a 1 online resource (3 pages) 
490 1 |a Policy Papers 
500 |a <strong>Off-Campus Access:</strong> No User ID or Password Required 
500 |a <strong>On-Campus Access:</strong> No User ID or Password Required 
506 |a Electronic access restricted to authorized BRAC University faculty, staff and students 
520 3 |a Executive Directors welcomed the report of the Independent Evaluation Office (IEO) on IMF Advice on Capital Flows. Directors appreciated the high quality of the report, and its thematic and background country studies. Directors welcomed the finding that the adoption of the Institutional View (IV), along with the development of other frameworks and additional tools, had represented a major advance in the Fund's policy framework to provide systematic advice to member countries on the management of capital flows and capital account liberalization. Directors also noted the conclusion that, in its application, the Fund had generally followed the IV and other policy frameworks to ensure that the advice was consistent, tailored to country circumstances, and evenhanded across countries. Directors welcomed that capital flow management measures (CFMs) have generally not been used to substitute for warranted policy adjustments. Directors also welcomed the finding that most authorities broadly support the IV's sequenced framework to capital account liberalization and appreciated the Fund's specific advice in many cases, especially in the context of technical assistance. More recently, faced with the abrupt capital flow reversals during the COVID-19 crisis, Directors noted that emerging markets and developing economies generally followed a multi-pronged approach broadly consistent with the IV framework and made relatively little use of CFMs. 
538 |a Mode of access: Internet 
650 7 |a Capital  |2 imf 
650 7 |a Country  |2 imf 
650 7 |a IV Framework  |2 imf 
650 7 |a PP  |2 imf 
650 7 |a Sequenced Framework  |2 imf 
830 0 |a Policy Papers; Policy Paper ;  |v No. 2020/041 
856 4 0 |z Full text available on IMF  |u http://elibrary.imf.org/view/journals/007/2020/041/007.2020.issue-041-en.xml  |z IMF e-Library